| 000 | 00913nam a22001577a 4500 | ||
|---|---|---|---|
| 999 |
_c523804 _d523804 |
||
| 008 | 230927b ||||| |||| 00| 0 eng d | ||
| 100 |
_aMehdi, Syed Eesar _944031 |
||
| 245 | _aOvercoming the barriers: Kashmiriyat as a cornerstone to materialize peace in Kashmir | ||
| 260 | _aSocial Action | ||
| 300 | _a73(2), Apr-Jun, 2023: p.214-231 | ||
| 520 | _aThis paper argues that Kashmiriyat has the potential to offer a possible solution and operationalize dialogue in Kashmir. Repeatedly, Kashmir have looked outside, on India and Pakistan, for a solution to the intractable Kashmir conflict and newer focused on the inside which has led to the failure of the manifestation of a peace process in Kashmir. – Reproduced | ||
| 650 |
_aKashmiriyat, Dialogue, Peace process, Conflict, Comprehensive framework. _940872 |
||
| 773 | _aSocial Action | ||
| 906 | _aPOLITICS AND GOVERNMENT - KASHMIR | ||
| 942 | _cAR | ||